St. Paul: (Record no. 5200)

000 -LEADER
fixed length control field 00579nam a2200193 a 4500
001 - CONTROL NUMBER
control field :::00002941$&:&@@
003 - CONTROL NUMBER IDENTIFIER
control field OkBaRHE
005 - DATE AND TIME OF LATEST TRANSACTION
control field 20000607103258.0
008 - FIXED-LENGTH DATA ELEMENTS--GENERAL INFORMATION
fixed length control field j 000 0 eng u
040 ## - CATALOGING SOURCE
Transcribing agency
100 1# - MAIN ENTRY--PERSONAL NAME
Personal name Iverach, James,
245 10 - TITLE STATEMENT
Title St. Paul:
Remainder of title his life and times.
260 ## - PUBLICATION, DISTRIBUTION, ETC. (IMPRINT)
Place of publication, distribution, etc New York, NY., :
Name of publisher, distributor, etc Fleming H. Revell Co.
Date of publication, distribution, etc nd
300 ## - PHYSICAL DESCRIPTION
Extent 216 p. ;
Dimensions 20 cm.
490 0# - SERIES STATEMENT
Series statement Men of the Bible series.
650 ## - SUBJECT ADDED ENTRY--TOPICAL TERM
Topical term or geographic name as entry element Paul, Saint, apostle
942 ## - ADDED ENTRY ELEMENTS (KOHA)
Source of classification or shelving scheme
Koha item type Books
Copies
Date last seen Date acquired Permanent Location Full call number Damaged status Price effective from Not for loan Lost status Koha item type Withdrawn status Source of classification or shelving scheme Copy number Shelving location Barcode
2018-03-162010-04-14RHEMA Bible Training CollegeBS 2506 .I9 2010-04-14  Books  1General Stacks2941